The five lives of our cat Zook
Đã lưu trong:
| 主要作者: | |
|---|---|
| 格式: | 圖書 |
| 語言: | Undetermined |
| 出版: |
New York
Amulet Books
2012
|
| 主題: | |
| 標簽: |
添加標簽
沒有標簽, 成為第一個標記此記錄!
|
| Thư viện lưu trữ: | Trung tâm Học liệu Trường Đại học Cần Thơ |
|---|
| LEADER | 00552nam a2200193Ia 4500 | ||
|---|---|---|---|
| 001 | CTU_217178 | ||
| 008 | 210402s9999 xx 000 0 und d | ||
| 020 | |c 16.95 | ||
| 082 | |a 808.068 | ||
| 082 | |b R683 | ||
| 100 | |a Rocklin, Joanne | ||
| 245 | 4 | |a The five lives of our cat Zook | |
| 245 | 0 | |c Joanne Rocklin | |
| 260 | |a New York | ||
| 260 | |b Amulet Books | ||
| 260 | |c 2012 | ||
| 650 | |a Family life,Mèo,Cuộc sống gia đình,Cats | ||
| 904 | |i Tươi, Hiền, Tuyến | ||
| 980 | |a Trung tâm Học liệu Trường Đại học Cần Thơ | ||